000 00399cam a2200145ua 4500
003 OSt
008 240215b |||||||| |||| 00| 0 eng d
041 _aeng
082 _a572
_bDEV/TE
100 _aDevlin, Thomas M .
_96039
245 _aText book of biochemistry with clinical correlations /
260 _aNew York :
_bWiley Interscience publications ,
_c1997.
300 _a1186 ; .
942 _cBK
999 _c9644
_d9644